[Event "1. OEsterreichische Internet Schach Meisterschaft - Vorrunde 1"]
[Site "Online - Playchess.com"]
[Date ""]
[Round "7"]
[Board "30"]
[White "Froewis, Annika"]
[Black "Schwarz, Christian"]
[Result "1-0"]
[WhiteElo "2136"]
[BlackElo "1948"]
[PlyCount "65"]
[EventDate "2020.04.11"]
[EventRounds "9"]
[EventCountry "AUT"]

1. e4 c5 2. Nf3 Nc6 3. d4 cxd4 4. Nxd4 Nf6 5. Nc3 e5 6. Ndb5 d6 7. Bg5 a6 8.
Na3 b5 9. Nd5 Be7 10. Bxf6 Bxf6 11. c3 O-O 12. Nc2 g6 13. a4 bxa4 14. Rxa4 Bg7
15. Bc4 Kh8 16. h4 f5 17. h5 g5 18. h6 Bf6 19. exf5 Bxf5 20. Nce3 Bg6 21. Rxa6
Rxa6 22. Bxa6 Qa5 23. Bc4 Bd8 24. O-O Rf4 25. b4 Qa8 26. Nxf4 gxf4 27. Qxd6 Bg5
28. Ng4 Be4 29. Nxe5 Bxh6 30. Nf7+ Kg7 31. Qxh6+ Kg8 32. Ng5+ Kh8 33. Qf6#  1-0

[Event "1. OEsterreichische Internet Schach Meisterschaft - Vorrunde 1"]
[Site "Online - Playchess.com"]
[Date ""]
[Round "7"]
[Board "31"]
[White "Filek, Mattias"]
[Black "Kapferer, Romed"]
[Result "1-0"]
[WhiteElo "1932"]
[BlackElo "2081"]
[PlyCount "71"]
[EventDate "2020.04.11"]
[EventRounds "9"]
[EventCountry "AUT"]

1. e4 c6 2. Nc3 d5 3. Nf3 Bg4 4. h3 Bxf3 5. Qxf3 Nf6 6. d3 e6 7. Bd2 Qb6 8.
O-O-O Nbd7 9. g4 d4 10. Ne2 e5 11. Kb1 Bb4 12. Nc1 O-O 13. g5 Ne8 14. h4 Nc7
15. h5 Bxd2 16. Rxd2 Nb5 17. Nb3 a5 18. a4 Nd6 19. Bh3 Nc5 20. Nxc5 Qxc5 21. h6
g6 22. Qf6 Ne8 23. Qf3 Qe7 24. Qg3 f6 25. gxf6 Qxf6 26. f3 b5 27. Qg4 Nc7 28.
Rf2 bxa4 29. f4 a3 30. Qd7 Nb5 31. fxe5 Rf7 32. Rxf6 Rxd7 33. Bxd7 axb2 34.
Bxc6 Nc3+ 35. Kxb2 Rb8+ 36. Ka3 {Bonnie gibt auf}  1-0

[Event "1. OEsterreichische Internet Schach Meisterschaft - Vorrunde 1"]
[Site "Online - Playchess.com"]
[Date ""]
[Round "7"]
[Board "32"]
[White "Guetz, Wolfgang"]
[Black "Pilshofer, Paul"]
[Result "0-1"]
[WhiteElo "2078"]
[BlackElo "1715"]
[PlyCount "80"]
[EventDate "2020.04.11"]
[EventRounds "9"]
[EventCountry "AUT"]

1. e4 e5 2. Nf3 Nc6 3. d4 exd4 4. Nxd4 Qf6 5. Nxc6 dxc6 6. Bd3 Bc5 7. O-O Be6
8. Nc3 O-O-O 9. Qe2 Nh6 10. Be3 Bb4 11. a3 Bxc3 12. bxc3 Qxc3 13. Bxa7 b6 14.
Ba6+ Kd7 15. Rad1+ Ke7 16. f4 Bg4 17. Rf3 Bxf3 18. gxf3 Rxd1+ 19. Qxd1 Rd8 20.
Qe2 Qd2 21. Qc4 Qd4+ 22. Qxd4 Rxd4 23. c4 Rd1+ 24. Kf2 Ra1 25. c5 Ra2+ 26. Kg3
Rxa3 27. cxb6 cxb6 28. Bxb6 Rxa6 29. Bc5+ Kd7 30. f5 Ra5 31. Bd4 Rb5 32. Kf4 f6
33. h4 Nf7 34. Bc3 Ne5 35. Ke3 Rb3 36. Kd4 Nxf3+ 37. Kc4 Rxc3+ 38. Kxc3 Nxh4
39. Kd4 Kd6 40. Kc4 Ke5 {VarggÃƒÂ¥ng gibt auf}  0-1

[Event "1. OEsterreichische Internet Schach Meisterschaft - Vorrunde 1"]
[Site "Online - Playchess.com"]
[Date ""]
[Round "7"]
[Board "33"]
[White "Knoll, Martin"]
[Black "Bachner, Karsten"]
[Result "1/2-1/2"]
[WhiteElo "2018"]
[BlackElo "1997"]
[PlyCount "121"]
[EventDate "2020.04.11"]
[EventRounds "9"]
[EventCountry "AUT"]

1. d4 d5 2. Nc3 Nf6 3. e4 c6 4. e5 Ng8 5. f4 e6 6. Nf3 Ne7 7. Bd3 c5 8. O-O
cxd4 9. Nxd4 a6 10. Nce2 g6 11. c3 Nbc6 12. Kh1 h5 13. Be3 Qc7 14. Qd2 b5 15.
Nb3 Nf5 16. Bxf5 gxf5 17. Rad1 Bh6 18. Bc5 Bf8 19. Bxf8 Rxf8 20. Ng3 Rh8 21.
Qe2 Qe7 22. Nxh5 Qh4 23. Nf6+ Ke7 24. h3 Bd7 25. Nc5 Bc8 26. Qf2 Qh6 27. Qg3 a5
28. Ng8+ Rxg8 29. Qxg8 Bb7 30. Qg3 Rb8 31. Nxb7 Rxb7 32. Qe3 d4 33. cxd4 Nb4
34. Qc3 Nd5 35. Qc5+ Ke8 36. Qc6+ Rd7 37. Rc1 Ke7 38. Qxb5 Nxf4 39. Qc5+ Ke8
40. Qc8+ Ke7 41. Rc7 Rxc7 42. Qxc7+ Kf8 43. Qd8+ Kg7 44. Rf3 Nh5 45. Qh4 Qg6
46. Kh2 f4 47. Qg4 Kh6 48. Qxg6+ Kxg6 49. Ra3 Kf5 50. Rxa5 Ke4 51. Ra7 Kxd4 52.
Rxf7 Kxe5 53. a4 Ng3 54. a5 Ke4 55. a6 Ke3 56. a7 Kf2 57. a8=Q Nf1+ 58. Kh1
Ng3+ 59. Kh2 Nf1+ 60. Kh1 Ng3+ 61. Kh2  1/2-1/2

[Event "1. OEsterreichische Internet Schach Meisterschaft - Vorrunde 1"]
[Site "Online - Playchess.com"]
[Date ""]
[Round "7"]
[Board "34"]
[White "Enne, Harald"]
[Black "Kern, Michael"]
[Result "0-1"]
[WhiteElo "1916"]
[BlackElo "1957"]
[PlyCount "92"]
[EventDate "2020.04.11"]
[EventRounds "9"]
[EventCountry "AUT"]

1. d4 f5 2. g3 Nf6 3. Bg2 e6 4. Nf3 Be7 5. O-O O-O 6. c4 d6 7. b3 a5 8. Nc3 Ne4
9. Qc2 Nxc3 10. Qxc3 Bf6 11. Bb2 a4 12. Rac1 Nc6 13. e3 e5 14. dxe5 dxe5 15.
Rfd1 Qe7 16. e4 fxe4 17. Nd2 Bg4 18. Re1 e3 19. Qxe3 Bg5 20. Bd5+ Kh8 21. Qc3
Bf6 22. Ne4 Nd4 23. Nxf6 Qxf6 24. f4 c6 25. fxe5 Qf2+ 26. Kh1 cxd5 27. Rf1 Bf3+
28. Qxf3 Qxf3+ 29. Rxf3 Nxf3 30. cxd5 Nxe5 31. Bxe5 Rf5 32. Re1 Kg8 33. d6 Re8
34. d7 Rd8 35. g4 Rf7 36. Bc7 Rdxd7 37. Re8+ Rf8 38. Rxf8+ Kxf8 39. Be5 Rd2 40.
bxa4 Rxa2 41. h4 g6 42. a5 Rxa5 43. Bc7 Ra2 44. g5 Kf7 45. Kg1 Ke6 46. Bb6 Kd5
{Zeit}  0-1

[Event "1. OEsterreichische Internet Schach Meisterschaft - Vorrunde 1"]
[Site "Online - Playchess.com"]
[Date ""]
[Round "7"]
[Board "35"]
[White "Schneider-Zinner, Harald"]
[Black "Balint, Peter"]
[Result "1-0"]
[WhiteElo "2381"]
[BlackElo "2105"]
[PlyCount "29"]
[EventDate "2020.04.11"]
[EventRounds "9"]
[EventCountry "AUT"]

1. d4 Nf6 2. Nf3 g6 3. Bg5 Bg7 4. Nbd2 O-O 5. c3 d5 6. e3 c5 7. Bd3 h6 8. Bh4
cxd4 9. exd4 Nc6 10. O-O Kh8 11. Re1 Re8 12. b4 a6 13. a4 Nb8 14. Ne5 Nbd7 15.
Nxf7+  1-0

[Event "1. OEsterreichische Internet Schach Meisterschaft - Vorrunde 1"]
[Site "Online - Playchess.com"]
[Date ""]
[Round "7"]
[Board "36"]
[White "Leaua, Cristinel-Costel"]
[Black "Hechl, Gerald"]
[Result "0-1"]
[WhiteElo "2045"]
[BlackElo "2333"]
[PlyCount "116"]
[EventDate "2020.04.11"]
[EventRounds "9"]
[EventCountry "AUT"]

1. e4 d6 2. d4 Nf6 3. Bc4 e6 4. Qe2 Nc6 5. c3 Be7 6. Nf3 O-O 7. O-O a6 8. a4 e5
9. d5 Nb8 10. Bg5 Nxd5 11. Bxd5 Bxg5 12. h3 c6 13. Bb3 Be6 14. Bc2 Nd7 15. Rd1
Be7 16. Nbd2 Qc7 17. Nf1 d5 18. exd5 cxd5 19. Ne3 Nf6 20. Nf1 Bd6 21. Ng5 h6
22. Nxe6 fxe6 23. Bb3 Bc5 24. Ne3 Ne4 25. Rf1 Qb6 26. Ba2 Rxf2 27. Rxf2 Bxe3
28. a5 Qa7 29. Kh2 Bxf2 30. g4 Rf8 31. Kg2 Bh4 32. Rf1 Rf2+ 33. Rxf2 Qxf2+ 34.
Qxf2 Bxf2 35. c4 d4 36. c5 Kf7 37. Bb1 Nd2 38. Ba2 Be3 39. b4 Ne4 40. Kf3 Nc3
41. Bc4 Nd5 42. b5 axb5 43. Bxb5 Nc7 44. c6 bxc6 45. Bxc6 Ke7 46. Bb7 Nb5 47.
a6 Na7 48. Ke4 Kd6 49. h4 Bf2 50. h5 Bh4 51. Ba8 Bg5 52. Bb7 Bf6 53. Ba8 Kc5
54. Kd3 Kb6 55. Bb7 Nb5 56. Ke4 Nd6+ 57. Kd3 Nxb7 58. a7 Kxa7  0-1

[Event "1. OEsterreichische Internet Schach Meisterschaft - Vorrunde 1"]
[Site "Online - Playchess.com"]
[Date ""]
[Round "7"]
[Board "37"]
[White "Huber, Guenther"]
[Black "Brod, Manfred"]
[Result "0-1"]
[WhiteElo "1979"]
[BlackElo "2211"]
[PlyCount "44"]
[EventDate "2020.04.11"]
[EventRounds "9"]
[EventCountry "AUT"]

1. c4 c5 2. g3 Nc6 3. Bg2 g6 4. Nc3 Bg7 5. d4 cxd4 6. Nb5 a6 7. Bxc6 dxc6 8.
Na3 c5 9. Nf3 Bh3 10. Ng5 Bg2 11. Rg1 Bc6 12. h4 Qd7 13. e3 e5 14. exd4 cxd4
15. Nf3 e4 16. Nd2 O-O-O 17. Nb3 d3 18. Nc5 Qd6 19. b4 Bxa1 20. Qg4+ f5 21. Qg5
Bc3+ 22. Kf1 d2 {Austria gibt auf}  0-1

[Event "1. OEsterreichische Internet Schach Meisterschaft - Vorrunde 1"]
[Site "Online - Playchess.com"]
[Date ""]
[Round "7"]
[Board "38"]
[White "Schein, Karl-Heinz"]
[Black "Gallob, Marko"]
[Result "1-0"]
[WhiteElo "2187"]
[BlackElo "1961"]
[PlyCount "47"]
[EventDate "2020.04.11"]
[EventRounds "9"]
[EventCountry "AUT"]

1. e4 e6 2. d3 d5 3. Nd2 c5 4. Ngf3 Nc6 5. g3 b6 6. Bg2 Bb7 7. O-O Qc7 8. Re1
d4 9. a4 Nf6 10. Nc4 a6 11. Bf4 Qd8 12. Bg5 Be7 13. e5 Nd7 14. Bxe7 Qxe7 15.
Nd6+ Kf8 16. Nxb7 g6 17. Nd6 Kg7 18. Ng5 Ncxe5 19. Bxa8 Rxa8 20. f4 Qxd6 21.
fxe5 Nxe5 22. Qe2 f6 23. Ne4 Rf8 24. Nxd6 {MarkoG29 gibt auf}  1-0

[Event "1. OEsterreichische Internet Schach Meisterschaft - Vorrunde 1"]
[Site "Online - Playchess.com"]
[Date ""]
[Round "7"]
[Board "39"]
[White "Kienboeck, Benjamin"]
[Black "Ofner, Maximilian"]
[Result "0-1"]
[WhiteElo "1922"]
[BlackElo "2177"]
[PlyCount "168"]
[EventDate "2020.04.11"]
[EventRounds "9"]
[EventCountry "AUT"]

1. e4 c6 2. d4 d5 3. Nc3 dxe4 4. Nxe4 Bf5 5. Ng3 Bg6 6. Nf3 Nd7 7. h4 h6 8. Bd3
Bxd3 9. Qxd3 e6 10. Bd2 Ngf6 11. O-O-O Qc7 12. Ne4 Nxe4 13. Qxe4 Nf6 14. Qe2
O-O-O 15. Kb1 c5 16. Be3 Nd5 17. Ne5 Bd6 18. Qf3 cxd4 19. Nxf7 dxe3 20. Nxh8
Rxh8 21. fxe3 Qb6 22. e4 Rf8 23. Qd3 Be5 24. Qb3 Qxb3 25. axb3 Nf4 26. g3 Ne2
27. g4 Ng3 28. Rhe1 Rf4 29. g5 Rxh4 30. gxh6 gxh6 31. Ka2 Rh2 32. Kb1 h5 33.
Rd3 Re2 34. Red1 h4 35. Rd8+ Kc7 36. R1d7+ Kc6 37. Re7 Re1+ 38. Ka2 Rxe4 39.
Rxe6+ Kc7 40. Rde8 h3 41. Rh6 Bf4 42. Rxe4 Nxe4 43. Rxh3 Bd6 44. Rh7+ Kc6 45.
Rh4 Nf6 46. c3 Nd5 47. b4 a6 48. Kb3 Nb6 49. c4 Nd7 50. Rh6 Kc7 51. c5 Bf4 52.
Rh7 Kc6 53. Rf7 Be5 54. Kc4 Bxb2 55. Kb3 Be5 56. Rh7 Bf4 57. Kc4 Be3 58. Rg7
Bf4 59. Rg6+ Kc7 60. Kd5 Bd2 61. Kc4 Ne5+ 62. Kd4 Nxg6 63. b5 axb5 64. Kd3 Kc6
65. Kxd2 Kxc5 66. Kc3 b4+ 67. Kb3 Kb5 68. Kb2 Kc4 69. Kc2 b3+ 70. Kb2 Kb4 71.
Kb1 Ka3 72. Ka1 Nf4 73. Kb1 b2 74. Kc2 Ka2 75. Kd2 b1=Q 76. Ke3 Qb4 77. Kf3 Qd4
78. Kg3 Ng6 79. Kf3 b5 80. Kg3 Qf4+ 81. Kg2 Qe3 82. Kh2 Nf4 83. Kh1 Qh3+ 84.
Kg1 Qg2#  0-1

[Event "1. OEsterreichische Internet Schach Meisterschaft - Vorrunde 1"]
[Site "Online - Playchess.com"]
[Date ""]
[Round "7"]
[Board "40"]
[White "Doskocil, Klaus"]
[Black "Stolzlechner, Thomas"]
[Result "0-1"]
[WhiteElo "2157"]
[BlackElo "2037"]
[PlyCount "68"]
[EventDate "2020.04.11"]
[EventRounds "9"]
[EventCountry "AUT"]

1. e4 e5 2. Nf3 Nc6 3. Bb5 a6 4. Ba4 Nf6 5. O-O Be7 6. Re1 b5 7. Bb3 d6 8. h3
O-O 9. c3 Nb8 10. d4 Nbd7 11. Nbd2 Bb7 12. a4 Re8 13. Ng5 Rf8 14. Bc2 h6 15.
Ngf3 Re8 16. d5 c6 17. axb5 axb5 18. Rxa8 Qxa8 19. dxc6 Bxc6 20. b4 Bf8 21. Qe2
d5 22. exd5 Nxd5 23. Qd3 N5f6 24. Nb3 e4 25. Qd4 exf3 26. Rxe8 Qxe8 27. Be3
fxg2 28. Na5 Be4 29. Bb3 Qe5 30. Qa7 Bd6 31. f4 Qxc3 32. Kh2 Qe1 33. Nb7 Nh5
34. Nxd6 Qh1#  0-1

[Event "1. OEsterreichische Internet Schach Meisterschaft - Vorrunde 1"]
[Site "Online - Playchess.com"]
[Date ""]
[Round "7"]
[Board "41"]
[White "Streiter, Gerhard"]
[Black "Nolz, Tom"]
[Result "0-1"]
[WhiteElo "1964"]
[BlackElo "2157"]
[PlyCount "90"]
[EventDate "2020.04.11"]
[EventRounds "9"]
[EventCountry "AUT"]

1. e4 d6 2. d4 Nc6 3. Nc3 g6 4. f4 Bg7 5. Be3 Nh6 6. Be2 e5 7. d5 Nb8 8. fxe5
dxe5 9. h3 O-O 10. Qd2 f5 11. Bg5 Bf6 12. Bxh6 Bh4+ 13. Kd1 Rf7 14. Nf3 Bf6 15.
Bg5 Nd7 16. Bxf6 Qxf6 17. Qg5 Qg7 18. d6 cxd6 19. Bc4 h6 20. Qd8+ Nf8 21. Qc7
Be6 22. Bxe6 Nxe6 23. Qc4 Re8 24. Kc1 Rc7 25. Qd3 Nf4 26. Qd2 Rec8 27. g3 Ne6
28. a4 Nc5 29. exf5 gxf5 30. Qd5+ Kh7 31. Nb5 Rd7 32. Ra3 e4 33. Qxf5+ Kh8 34.
Nfd4 Nd3+ 35. Rxd3 exd3 36. Qxd3 a6 37. Nc3 b5 38. axb5 axb5 39. Rf1 b4 40. Nd5
Qg5+ 41. Kb1 Qxd5 42. Rf5 Qh1+ 43. Ka2 Ra7+ 44. Kb3 Qa1 45. Kxb4 Qa4#  0-1

[Event "1. OEsterreichische Internet Schach Meisterschaft - Vorrunde 1"]
[Site "Online - Playchess.com"]
[Date ""]
[Round "7"]
[Board "42"]
[White "Brehovsky, Paul"]
[Black "Doujak, Gabriel Andreas"]
[Result "1-0"]
[WhiteElo "2149"]
[BlackElo "1980"]
[PlyCount "73"]
[EventDate "2020.04.11"]
[EventRounds "9"]
[EventCountry "AUT"]

1. d4 Nf6 2. c4 g6 3. Nf3 Bg7 4. g3 O-O 5. Bg2 d6 6. O-O Nbd7 7. Nc3 c6 8. e4
e5 9. Re1 Re8 10. dxe5 dxe5 11. h3 Qc7 12. Qc2 Nf8 13. Be3 Be6 14. c5 Rad8 15.
b4 h6 16. Na4 Rd7 17. Red1 Red8 18. Bf1 Rxd1 19. Rxd1 Rxd1 20. Qxd1 Nxe4 21.
Qc2 f5 22. Bc4 Bxc4 23. Qxc4+ Qf7 24. Qc2 Qd5 25. Nd2 Nxd2 26. Bxd2 e4 27. Be3
Ne6 28. a3 Nd4 29. Bxd4 Bxd4 30. Kh2 Kg7 31. Qd1 Kf6 32. h4 Ke5 33. Qd2 Qb3 34.
Qxh6 e3 35. Qg7+ Kd5 36. Qf7+ Ke4 37. Qxb3 {Gadoru gibt auf}  1-0

[Event "1. OEsterreichische Internet Schach Meisterschaft - Vorrunde 1"]
[Site "Online - Playchess.com"]
[Date ""]
[Round "7"]
[Board "43"]
[White "Kranz, Armin"]
[Black "Weichhart, Daniel"]
[Result "1-0"]
[WhiteElo "2119"]
[BlackElo "1648"]
[PlyCount "75"]
[EventDate "2020.04.11"]
[EventRounds "9"]
[EventCountry "AUT"]

1. d4 d5 2. Nf3 e6 3. c4 Nf6 4. g3 Be7 5. Bg2 O-O 6. O-O b6 7. Nbd2 Bb7 8. Qc2
c5 9. dxc5 bxc5 10. b3 Na6 11. a3 Qb6 12. cxd5 exd5 13. Rb1 Rab8 14. Bb2 Ba8
15. Be5 Rbc8 16. Bh3 Rc6 17. Rfd1 Rd8 18. Nf1 Nc7 19. Ne3 Ne6 20. Nf5 Qb7 21.
N3h4 d4 22. Bg2 Nd5 23. Nxe7+ Qxe7 24. Nf5 Qb7 25. Qd2 Nc3 26. Bxc6 Qxc6 27. f3
Nxb1 28. Rxb1 f6 29. Ne7+ Kf7 30. Nxc6 Bxc6 31. Bf4 g5 32. Bxg5 Nxg5 33. Kg2
Bd7 34. Qf4 Bh3+ 35. Kg1 Rd7 36. Rd1 Kg6 37. Qc1 h5 38. Qxc5  1-0

[Event "1. OEsterreichische Internet Schach Meisterschaft - Vorrunde 1"]
[Site "Online - Playchess.com"]
[Date ""]
[Round "7"]
[Board "44"]
[White "Kuecher, Wolfgang"]
[Black "Galler, Alexander"]
[Result "1-0"]
[WhiteElo "2117"]
[BlackElo "1772"]
[PlyCount "83"]
[EventDate "2020.04.11"]
[EventRounds "9"]
[EventCountry "AUT"]

1. g3 e5 2. Bg2 Nf6 3. c3 d5 4. d4 e4 5. Nh3 h6 6. O-O Be6 7. f3 Be7 8. Nf2 Qd7
9. fxe4 dxe4 10. Nxe4 Nxe4 11. Bxe4 Bh3 12. Bg2 Bxg2 13. Kxg2 O-O 14. e4 c5 15.
Be3 c4 16. Nd2 b5 17. a3 Qe6 18. Qf3 Nd7 19. Rae1 Qg6 20. Rf2 h5 21. Ref1 f6
22. Qf5 Qxf5 23. Rxf5 h4 24. Rxb5 hxg3 25. hxg3 Nb6 26. d5 Bd6 27. Bxb6 axb6
28. Nxc4 Bc5 29. d6 Rfd8 30. Rc1 Bxd6 31. Rxb6 Bc5 32. Rc6 Ba7 33. Rc2 Rd3 34.
Rd6 Rxd6 35. Nxd6 Rd8 36. Nb5 Bb6 37. c4 Rd1 38. b4 Rg1+ 39. Kh2 Re1 40. c5 Bd8
41. c6 Be7 42. c7 {Chessalex gibt auf}  1-0

[Event "1. OEsterreichische Internet Schach Meisterschaft - Vorrunde 1"]
[Site "Online - Playchess.com"]
[Date ""]
[Round "7"]
[Board "45"]
[White "Hofer, Maximilian"]
[Black "Kwech, Andreas"]
[Result "0-1"]
[WhiteElo "2108"]
[BlackElo "1901"]
[PlyCount "146"]
[EventDate "2020.04.11"]
[EventRounds "9"]
[EventCountry "AUT"]

1. e4 c5 2. Nf3 d6 3. d4 cxd4 4. Nxd4 Nf6 5. Nc3 g6 6. Be3 Bg7 7. f3 O-O 8. Qd2
Nc6 9. Bc4 Nd7 10. O-O-O Nb6 11. Bb3 Na5 12. Kb1 Nbc4 13. Qf2 Nxe3 14. Qxe3
Nxb3 15. Nxb3 Be6 16. g4 Rc8 17. Nd4 Bd7 18. h4 e6 19. h5 Qb6 20. hxg6 hxg6 21.
Qd2 Rfd8 22. Nce2 a5 23. f4 a4 24. a3 Rc4 25. c3 Rdc8 26. f5 exf5 27. gxf5 d5
28. exd5 Bxf5+ 29. Ka1 Be4 30. Rh4 Bxd5 31. Rh2 R4c7 32. Qg5 Bc4 33. Qg4 Re8
34. Qh4 Rce7 35. Qh7+ Kf8 36. Rdh1 Bxe2 37. Nxe2 Rxe2 38. Qh4 Rxh2 39. Qxh2 Qe6
40. Qd2 Qe4 41. Rd1 Qe7 42. Qc2 Bf6 43. Qxa4 Kg7 44. Qc2 Rd8 45. Rh1 Qd6 46.
Qc1 b5 47. Qh6+ Kg8 48. Qh7+ Kf8 49. Qh6+ Bg7 50. Qc1 Ra8 51. Kb1 Qd3+ 52. Ka2
Qc4+ 53. Kb1 Qe4+ 54. Ka2 f5 55. Re1 Qc4+ 56. Kb1 Rd8 57. Qe3 Qd3+ 58. Qxd3
Rxd3 59. Rc1 f4 60. Rf1 g5 61. Rg1 Bf6 62. Kc2 Re3 63. Kd2 Ke7 64. b3 Kd6 65.
c4 bxc4 66. bxc4 Rxa3 67. Ke2 Re3+ 68. Kf2 Kc5 69. Rc1 Rc3 70. Rd1 Bd4+ 71. Kg2
g4 72. Rf1 Rc2+ 73. Kh1 g3 {malphax gibt auf}  0-1

[Event "1. OEsterreichische Internet Schach Meisterschaft - Vorrunde 1"]
[Site "Online - Playchess.com"]
[Date ""]
[Round "7"]
[Board "46"]
[White "Mira, Helene"]
[Black "Missethan, Michael"]
[Result "1/2-1/2"]
[WhiteElo "2082"]
[BlackElo "2015"]
[PlyCount "94"]
[EventDate "2020.04.11"]
[EventRounds "9"]
[EventCountry "AUT"]

1. d4 d5 2. c4 e6 3. Nc3 Nf6 4. Bg5 Be7 5. e3 h6 6. Bh4 O-O 7. f4 a6 8. Nf3
dxc4 9. Bxc4 b5 10. Bb3 Bb7 11. O-O c5 12. Bxf6 Bxf6 13. dxc5 Bxc3 14. bxc3 Qc7
15. Qd6 Rc8 16. Rad1 Nc6 17. Rd2 Na5 18. Rfd1 Nxb3 19. axb3 Bxf3 20. gxf3 Qxc5
21. Qxc5 Rxc5 22. Rd8+ Rxd8 23. Rxd8+ Kh7 24. Rd3 Kg6 25. e4 a5 26. Kf2 a4 27.
bxa4 bxa4 28. Ke3 Rb5 29. Rd4 Ra5 30. Rd2 a3 31. Ra2 Kf6 32. Kd4 Ke7 33. Kc4
Kd6 34. Kb4 Rh5 35. Rxa3 Rh3 36. c4 Rxh2 37. c5+ Kc7 38. Kb5 Rb2+ 39. Kc4 h5
40. Ra7+ Rb7 41. Ra8 g6 42. Rf8 Kc6 43. Rc8+ Rc7 44. Rh8 Ra7 45. Rc8+ Rc7 46.
Rh8 Ra7 47. Rc8+ Rc7  1/2-1/2

[Event "1. OEsterreichische Internet Schach Meisterschaft - Vorrunde 1"]
[Site "Online - Playchess.com"]
[Date ""]
[Round "7"]
[Board "47"]
[White "Riemelmoser, Stefan"]
[Black "Schneider-Zinner, Werner"]
[Result "1/2-1/2"]
[WhiteElo "2046"]
[BlackElo "1967"]
[PlyCount "179"]
[EventDate "2020.04.11"]
[EventRounds "9"]
[EventCountry "AUT"]

1. e4 e5 2. Nf3 Nf6 3. Nxe5 d6 4. Nf3 Nxe4 5. Nc3 Nxc3 6. dxc3 Be7 7. Be3 Nc6
8. Qd2 O-O 9. O-O-O Ne5 10. Be2 Be6 11. Kb1 c5 12. Ng5 Bxg5 13. Bxg5 Qa5 14. a3
Bc4 15. f4 Bxe2 16. Qxe2 Nc6 17. Rxd6 Rfe8 18. Qg4 Qc7 19. Rhd1 Nd4 20. Bf6 g6
21. Rd5 Ne6 22. Qh4 Qxf4 23. g4 h5 24. h3 Ng7 25. Rd7 Re6 26. Rd8+ Rxd8 27.
Rxd8+ Kh7 28. Bxg7 Kxg7 29. Rb8 Qf1+ 30. Ka2 Qc4+ 31. Kb1 Qf1+ 32. Ka2 Qc4+ 33.
Kb1 Qe4 34. Qg3 Qe1+ 35. Qxe1 Rxe1+ 36. Ka2 hxg4 37. hxg4 Re7 38. Kb3 b6 39.
Ra8 Kf6 40. Rd8 Kg5 41. Kc4 Kxg4 42. Kd5 f5 43. Kd6 Rf7 44. Ke6 Rh7 45. Kf6 f4
46. Kxg6 Rb7 47. Kf6 f3 48. Rf8 Kg3 49. Ke6 f2 50. Kd6 Kg2 51. Kc6 Re7 52. b4
f1=Q 53. Rxf1 Kxf1 54. bxc5 bxc5 55. Kxc5 Rc7+ 56. Kd4 Ke2 57. c4 Kd2 58. c3
Kc2 59. c5 Kb3 60. c4 Kxa3 61. Kd5 Kb4 62. c6 a5 63. c5 a4 64. Kd6 Rxc6+ 65.
Kxc6 a3 66. Kb6 a2 67. c6 a1=Q 68. Kb7 Qe5 69. c7 Qb5+ 70. Ka8 Qa6+ 71. Kb8
Qb6+ 72. Ka8 Qc6+ 73. Kb8 Ka5 74. c8=Q Qb5+ 75. Qb7 Qe8+ 76. Ka7 Qe3+ 77. Kb8
Qe8+ 78. Ka7 Qb5 79. Qc7+ Ka4 80. Qc2+ Qb3 81. Qc6+ Qb5 82. Qc2+ Qb3 83. Qe4+
Qb4 84. Qe8+ Qb5 85. Qc8 Qa5+ 86. Kb8 Qb6+ 87. Ka8 Qa5+ 88. Kb8 Qb6+ 89. Qb7
Qxb7+ 90. Kxb7  1/2-1/2

[Event "1. OEsterreichische Internet Schach Meisterschaft - Vorrunde 1"]
[Site "Online - Playchess.com"]
[Date ""]
[Round "7"]
[Board "48"]
[White "Rosol, Philip"]
[Black "Breneis, Gerhard"]
[Result "0-1"]
[WhiteElo "1468"]
[BlackElo "1990"]
[PlyCount "34"]
[EventDate "2020.04.11"]
[EventRounds "9"]
[EventCountry "AUT"]

1. e4 c6 2. d4 d5 3. e5 Bf5 4. h4 h6 5. g4 Be4 6. f3 Bg6 7. h5 Bh7 8. e6 fxe6
9. Bd3 Bxd3 10. Qxd3 Qd6 11. f4 Nd7 12. Nf3 Ndf6 13. Ne5 Ne4 14. Nc3 Ngf6 15.
Nxe4 Nxe4 16. Bd2 Rg8 17. Kd1 Nf2+ {Philip2010 gibt auf}  0-1

[Event "1. OEsterreichische Internet Schach Meisterschaft - Vorrunde 1"]
[Site "Online - Playchess.com"]
[Date ""]
[Round "7"]
[Board "50"]
[White "Messner, Andreas"]
[Black "Keim, Philipp"]
[Result "0-1"]
[WhiteElo "1856"]
[BlackElo "1919"]
[PlyCount "74"]
[EventDate "2020.04.11"]
[EventRounds "9"]
[EventCountry "AUT"]

1. Nf3 c6 2. e3 d5 3. c4 Nf6 4. Nc3 Bg4 5. Qb3 Bc8 6. Ne5 e6 7. d4 Qb6 8. Qc2
Nbd7 9. f4 Be7 10. c5 Qc7 11. Bd3 b6 12. b4 a5 13. cxb6 Qxb6 14. bxa5 Rxa5 15.
O-O h6 16. Bd2 Ra8 17. Rfb1 Qc7 18. Ne2 c5 19. dxc5 Qxc5 20. Nxd7 Nxd7 21. Nd4
Qxc2 22. Bxc2 O-O 23. a4 Ba6 24. Kf2 Nc5 25. Nc6 Bf6 26. Ra3 Bc4 27. Bc3 Bxc3
28. Rxc3 Rfc8 29. Ne7+ Kf8 30. Nxc8 Rxc8 31. a5 Ba6 32. Ra3 Ke7 33. Ba4 Ne4+
34. Ke1 Rc4 35. Bb3 Rc3 36. Bd1 Rxa3 37. Rb6 Rxe3+ {Zeit}  0-1

[Event "1. OEsterreichische Internet Schach Meisterschaft - Vorrunde 1"]
[Site "Online - Playchess.com"]
[Date ""]
[Round "7"]
[Board "51"]
[White "Schroettner, Tobias Julian"]
[Black "Soelkner, Julian"]
[Result "0-1"]
[WhiteElo "1503"]
[BlackElo "1484"]
[PlyCount "54"]
[EventDate "2020.04.11"]
[EventRounds "9"]
[EventCountry "AUT"]

1. e4 d6 2. d4 Nf6 3. f3 Nbd7 4. c4 e5 5. d5 c6 6. Nc3 Be7 7. Be3 O-O 8. Nh3
cxd5 9. cxd5 Nb6 10. Nf2 Bd7 11. Bb5 Rc8 12. Bxd7 Qxd7 13. Bxb6 axb6 14. Qe2
Rc5 15. Na4 Qxa4 16. O-O Rfc8 17. b3 Qb5 18. Qd1 Nh5 19. Nd3 Rc3 20. Nb2 Nf4
21. Nc4 Qc5+ 22. Kh1 b5 23. Qe1 Rc2 24. Qd1 Rxg2 25. Na5 Qc2 26. Rc1 Rxh2+ 27.
Kg1 Nh3#  0-1

[Event "1. OEsterreichische Internet Schach Meisterschaft - Vorrunde 1"]
[Site "Online - Playchess.com"]
[Date ""]
[Round "7"]
[Board "52"]
[White "Wischounig, Laurin"]
[Black "Pernerstorfer, Markus"]
[Result "1-0"]
[WhiteElo "1878"]
[BlackElo "1582"]
[PlyCount "137"]
[EventDate "2020.04.11"]
[EventRounds "9"]
[EventCountry "AUT"]

1. d4 Nf6 2. Nf3 e6 3. g3 c5 4. Bg2 d5 5. c4 Nc6 6. dxc5 Bxc5 7. O-O O-O 8. a3
Be7 9. Qc2 dxc4 10. Rd1 Qc7 11. Bf4 e5 12. Bd2 Be6 13. Nc3 Nd4 14. Nxd4 exd4
15. Bf4 Qa5 16. Rxd4 Bc5 17. Rd2 Rad8 18. Bxb7 Bxf2+ 19. Kxf2 Qb6+ 20. e3 Qxb7
21. Rad1 Rxd2+ 22. Qxd2 h6 23. h4 Bg4 24. Rc1 Qf3+ 25. Kg1 Bf5 26. Qg2 Qg4 27.
Nb5 Be4 28. Qh2 Rd8 29. Nc3 Qf3 30. Nxe4 Nxe4 31. Qg2 Qxg2+ 32. Kxg2 Rd2+ 33.
Kf3 Nf6 34. Rxc4 Rxb2 35. Rc8+ Kh7 36. Rc7 Kg8 37. Rxa7 Nd5 38. Ke4 Nc3+ 39.
Kd3 Nb5 40. Ra8+ Kh7 41. a4 Ra2 42. Kc4 Na3+ 43. Kb3 Ra1 44. Kb2 Rg1 45. Kxa3
g5 46. hxg5 hxg5 47. Bxg5 Rxg3 48. Bf4 Rg1 49. Kb4 Rb1+ 50. Kc5 Rc1+ 51. Kd6
Kg7 52. a5 Rd1+ 53. Kc5 Rc1+ 54. Kd4 Rd1+ 55. Kc3 Rc1+ 56. Kd2 Ra1 57. a6 Ra2+
58. Kc1 f6 59. a7 Ra6 60. Kb2 Ra5 61. Kb3 Ra6 62. Kb4 Ra1 63. Kc5 Rc1+ 64. Kd5
Rd1+ 65. Ke4 Ra1 66. Bd6 Ra6 67. Bc5 Ra5 68. Bd4 Ra2 69. Rb8  1-0